000 00616nam a22002297a 4500
003 UA-OsUOA
001 92820
007 ta
008 20121227b un ||||| |||| 00| 0 ukr d
100 _aБлагов Д.
090 _a821.161.1
_bБ68
942 _cBK
040 _aUA-OsUOA
_brus
_cUA-OsUOA
_dUA-OsUOA
245 _aАншлаг
_bрассказы о цирке
300 _a269 с.
955 _a3
041 _arus
080 _a821.161.1
260 _aМ.
_bСоветский писатель
_c1987
650 7 _a82 Література. Літературознавство
_2UDC
999 _c379285
_d379285